| 000 | 00626nam a2200181 i 4500 | ||
|---|---|---|---|
| 001 | 147149 | ||
| 003 | ES-MaACL | ||
| 005 | 20251015164505.0 | ||
| 007 | t| | ||
| 008 | 070921s1932 sp ||||1| spa d | ||
| 100 | 1 |
_aTurmeda, Anselm, _d1352-1432 _9111717 |
|
| 245 | 1 | 0 |
_aDisputa del asno / _cAnselmo Turmeda (año de 1417) ; traducción del catalán y prólogo de E. Barriobero y Herrán. |
| 260 |
_aMadrid : _bC.I.A.P., _c1932 ( _fImp. de Galo Saez) |
||
| 300 |
_a193 p. : _bil. ; _c18 cm. |
||
| 700 | 1 |
_aBarriobero y Herrán, Eduardo, _d1875-1939 _926012 |
|
| 852 |
_aES-MaACL _jA-983 |
||
| 999 |
_c147149 _d147149 |
||